000 00677nam a2200229 i 4500
001 C2-0252266
003 PPAK
005 20180727215457.0
008 031109s1983 xxka|||| ||||| | eng d
040 _aPPAK
_beng
_cPPAK
_erda
082 0 4 _a378.05
_223
090 0 0 _a378.05
_bSHE
_dKSA
245 0 0 _aSheffield university :
_bgeneral prospectus
264 1 _aSheffield :
_bThe University of Sheffield ,
_c1983
300 _a52 pages :
_billustrations ;
_c21 cm
336 _2rdacontent
_atext
337 _2rdamedia
_aunmediated
338 _2rdacarrier
_avolume
500 _aInformation for entry in October 1984
650 1 0 _aUniversities and colleges
942 _ddc
_cB
999 _c65312
_d65312